Apresentadores de Televisão - Statistics

Estatísticas Gerais
  • Esse quiz foi jogado 107 vezes
    77 desde o último reset
  • A pontuação média é 33 de 120
Estatísticas das Respostas
Hint Resposta % Correto
S Silvio Santos
94%
F Fausto Silva
80%
L Luciano Huck
79%
E Eliana
77%
X Xuxa
76%
A Angélica
70%
C Celso Portiolli
70%
P Patrícia Abravanel
68%
A Ana Maria Braga
65%
F Fátima Bernardes
65%
M Marcos Mion
65%
R Ratinho
62%
W William Bonner
62%
R Raul Gil
61%
R Rodrigo Faro
61%
H Hebe Camargo
59%
P Pedro Bial
59%
G Gugu Liberato
53%
D Danilo Gentili
50%
P Patrícia Poeta
50%
A Ana Hickman
48%
G Gloria Maria
48%
Z Zeca Camargo
48%
J Jô Soares
45%
D Jose Luis Datena
44%
L Luciana Gimenez
44%
R Renata Vasconcellos
42%
C Chacrinha
41%
S Sônia Abrão
41%
A André Marques
39%
M Mara Maravilha
39%
T Tadeu Schmidt
39%
A Adriane Galisteu
38%
M Maju Coutinho
38%
C Carlos Alberto de Nóbrega
36%
R Roberto Justus
36%
S Serginho Groisman
36%
C César Tralli
35%
A Ana Paula Padrão
33%
O Otaviano Costa
32%
M Marcelo Rezende
30%
P Poliana Abritta
30%
C Catia Fonseca
29%
C César Filho
29%
C Chris Flores
29%
M Márcio Garcia
29%
R Renata Fan
29%
S Sandra Annenberg
29%
S Sergio Chapelin
29%
T Ticiane Pinheiro
29%
C Christina Rocha
27%
G Galvão Bueno
27%
G Geraldo Luis
27%
J João Kleber
26%
C Cid Moreira
24%
C Clodovil Hernandez
24%
F Fábio Porchat
24%
F Fernanda Lima
24%
M Marcelo Tas
24%
A Ana Furtado
23%
B Boris Casoy
23%
G Gilberto Barros
23%
I Ivete Sangalo
23%
N Nelson Rubens
23%
S Sabrina Sato
23%
M Maisa Silva
21%
O Otávio Mesquita
21%
N Neto
20%
R Roberto Cabrini
20%
S Sergio Malandro
20%
E Emilio Surita
18%
M Marília Gabriela
18%
P Paulo Henrique Amorim
18%
R Regina Volpato
18%
B Bolinha
17%
R Ronnie Von
17%
C Carlos Nascimento
15%
M Marcia Goldschmidt
15%
A Astrid Fontenelle
14%
C Cissa Guimarães
14%
C Claudete Troiano
14%
M Maria Beltrão
14%
P Palmirinha
14%
S Silvia Poppovic
14%
A Amaury Junior
12%
C Chico Pinheiro
12%
F Fernanda Gentil
12%
C Caco Barcellos
11%
C Celso Freitas
11%
T Tati Machado
11%
M Milton Neves
9%
R Regina Cazé
9%
R Renata Ceribelli
9%
R Ricardo Boechat
9%
C Cleber Machado
8%
F Felipe Andreoli
8%
G Glenda Kozlowski
8%
L Luciano do Valle
8%
Z Zileide Silva
8%
B Boninho
6%
F Flavio Cavalcanti
6%
L Lillian Witte Fibe
6%
R Rodrigo Bocardi
6%
W Wagner Montes
6%
A Ana Clara
5%
A Andréia Sadi
5%
L Livia Andrade
5%
M Mariana Godoy
5%
A Alex Escobar
3%
G Goulart de Andrade
3%
L Leda Nagle
3%
R Rita Batista
3%
A Antonio Abujamra
2%
E Elke Maravilha
2%
M Monalisa Perrone
2%
H Heraldo Pereira
0%
M Mylena Ciribelli
0%
O Olga Bongiovani
0%
S Sonia Bridi
0%
T Talitha Morete
0%
Nenhum quiz correspondente encontrado
Distribuição das Pontuações
Porcentagem de Pessoas com Cada Pontuação
Percentil de Números Respondidos
Sua Pontuação Histórica
Você não jogou esse quiz desde o último reset